Sharing the costs of repairs (Record no. 7979)

MARC details
000 -LEADER
fixed length control field 00866cab a2200205 4500
001 - CONTROL NUMBER
control field ABS38808
008 - FIXED-LENGTH DATA ELEMENTS--GENERAL INFORMATION
fixed length control field 090401t1988 xxu||||| |||| 00| 0 eng d
035 ## - SYSTEM CONTROL NUMBER
System control number (Sirsi) u12485
041 ## - LANGUAGE CODE
Language code of text/sound track or separate title eng
100 ## - MAIN ENTRY--PERSONAL NAME
Personal name Sheehan, A.M.
245 ## - TITLE STATEMENT
Title Sharing the costs of repairs
260 ## - PUBLICATION, DISTRIBUTION, ETC.
Date of publication, distribution, etc. 1988
350 ## - PRICE (NR) (BK AM CF MU VM SE) [OBSOLETE]
Price 0
490 ## - SERIES STATEMENT
Series statement Building Today
Volume/sequential designation 195(5739) 21 January 1988, 28(1)
520 ## - SUMMARY, ETC.
Summary, etc. Reviews the alternative put forward by the Law Commission to replace leasehold tenure of flats and maisonettes with a form of freehold ownership called commonhold . Describes potential arrangements for maintenance and repair under the system. (Freehold flats- and freehold ownership of other interdependent buildings, Cm. 179 is available on loan from the Library).
650 ## - SUBJECT ADDED ENTRY--TOPICAL TERM
Topical term or geographic name entry element STRATA TITLE
690 ## - LOCAL SUBJECT ADDED ENTRY--TOPICAL TERM (OCLC, RLIN)
Topical term or geographic name as entry element LANDLORD AND TENANT-LEASEHOLD REFORM
942 ## - ADDED ENTRY ELEMENTS (KOHA)
Suppress in OPAC 0
948 ## - LOCAL PROCESSING INFORMATION (OCLC); SERIES PART DESIGNATOR (RLIN)
c (OCLC) 04/03/1997
Holdings
Withdrawn status Lost status Source of classification or shelving scheme Damaged status Not for loan Home library Current library Shelving location Date acquired Total Checkouts Full call number Barcode Date last seen Copy number Price effective from Koha item type
    Dewey Decimal Classification     London London Journal article 14/09/1999   ABS38808 12485-1001 06/08/2019 1 06/08/2019 Journal article